| 000 | 00768nam a22002057a 4500 | ||
|---|---|---|---|
| 005 | 20231220152550.0 | ||
| 010 | _aENG-138657 | ||
| 020 |
_a9789389740110 _c795.00 |
||
| 035 | _aEN-122189 | ||
| 037 | _bDBAD/PUB | ||
| 082 |
_a155.44 _21 |
||
| 100 |
_aMurthy, Ravindranath K. _960071 |
||
| 245 |
_aPsychology of Childhood and Adolescence/ _cBy Ravindranath K. Murthy; G. Sri Krishna; and K. Srinivas Reddy |
||
| 260 |
_aNew Delhi _bNeelkamal Publications _c2020 |
||
| 270 |
_a4764/1, 23, Ansari Road _bDaryaganj, New Delhi _e110002 _k011-23244237 _k9811828953 _mneelkamalbooks@gmail.com |
||
| 300 |
_axi+202p. _c25cm(hbk) |
||
| 700 |
_aKrishna, G. Sri _eAuthor _960036 |
||
| 700 |
_aReddy, K. Srinivas _eAuthor _960056 |
||
| 942 |
_2ddc _cEN _h155.4 _mMUR |
||
| 999 |
_c199731 _d199731 |
||